LEADER 02222nas a2200397 i 4500 001 991002844269707536 005 20231114121017.0 008 011205m||||9999 || | |lat 022 $a0039-3428 022 $a1220-0492 035 $ab11716277-39ule_inst 035 $aPERLE008603$9ExL 080 $aCDU 90 229 0$aStudia Universitatis Babes Bolyai. Series historia 245 00$aStudia Universitatis Babes Bolyai. Series historia /$cUniversitatea Babes - Bolyai. - 1962- 260 $aCluj,$c1962 591 $aCodice CNR: P 00030909 592 $aLE002 1976- 710 2 $aUniversitatea Babes - Bolyai$eauthor$4http://id.loc.gov/vocabulary/relators/aut$0196130 907 $a.b11716277$b20-01-12$c08-07-02 912 $a991002844269707536 945 $aLE002 D Ann. 506$g1$lle002$o-$pE0.00$q-$rn$s- $t18$u0$v0$w0$x0$y.i11954826$z08-07-02 945 $aLE002$ca.XLIV, Series Historia, 1999 $g1$lle002$on$pE20.00$q-$rl$s- $t18$u0$v0$w0$x0$y.i13118407$z26-02-04 945 $aLE002$ca.XLV, Series Historia, 2000$g1$lle002$on$pE20.00$q-$rl$s- $t18$u0$v0$w0$x0$y.i13118432$z26-02-04 945 $aLE002$ca.XLII-XLIII, Series Iurisprudentia,1997-1998$g1$lle002$on$pE20.00$q-$rl$s- $t18$u0$v0$w0$x0$y.i13118444$z26-02-04 945 $ca. 2003 $g1$lle002$on$pE20.00$q-$rn$so $t18$u0$v0$w0$x0$y.i14053792$z20-04-05 945 $aLE002$cv. 46 (2001)$g1$lle002$on$pE0.00$q-$rn$s- $t18$u0$v0$w0$x0$y.i1536835x$z20-01-12 945 $aLE002$cv. 49 (2004)$g1$lle002$on$pE0.00$q-$rn$s- $t18$u0$v0$w0$x0$y.i15368361$z20-01-12 945 $aLE002$cv. 50 (2005)$g1$lle002$on$pE0.00$q-$rn$s- $t18$u0$v0$w0$x0$y.i15368385$z20-01-12 945 $aLE002$cv. 51 (2006)$g1$lle002$on$pE0.00$q-$rn$s- $t18$u0$v0$w0$x0$y.i15368397$z20-01-12 945 $aLE002$cv. 52 (2007)$g1$lle002$on$pE0.00$q-$rn$s- $t18$u0$v0$w0$x0$y.i15368403$z20-01-12 945 $aLE002$cv. 53 (2008)$g1$lle002$on$pE0.00$q-$rn$s- $t18$u0$v0$w0$x0$y.i15368415$z20-01-12 945 $aLE002$cv. 54 (2009)$g1$lle002$on$pE0.00$q-$rn$s- $t18$u0$v0$w0$x0$y.i15368427$z20-01-12 996 $aStudia Universitatis Babes Bolyai. Series historia$91453820 997 $aUNISALENTO 998 $ale002$b01-01-01$cs$da $e-$flat$gxx $h0$i1